Buro office: bestof detail
Պահպանված է:
| Ձևաչափ: | Գիրք |
|---|---|
| Լեզու: | անգլերեն |
| Հրապարակվել է: |
German Institut fur Internationale Archtektur-Dokumenttation
2013
|
| Ցուցիչներ: |
Ավելացրեք ցուցիչ
Չկան պիտակներ, Եղեք առաջինը, ով նշում է այս գրառումը!
|
MARC
| LEADER | 00000nam a22000007a 4500 | ||
|---|---|---|---|
| 008 | 231124b |||||||| |||| 00| 0 eng d | ||
| 020 | |a 978-3-920034-84-3 | ||
| 245 | |a Buro office: |b bestof detail |c [edited by] Christian Schittich |f (detail) |g 199p. | ||
| 250 | |b Detail ed. |c Schittich, Christian | ||
| 260 | |b German Institut fur Internationale Archtektur-Dokumenttation |c 2013 |h Munchen, Germany |i 700285 |l NA6230.B93 |m Office buildings - Design and construction |m Office layout |m Work environment |m Interior architecture |m Office buildings | ||
| 942 | |a lcc |c BK |e A.R.Akinniyi |f 24:11:23 | ||
| 952 | |0 0 |1 0 |2 ddc |4 0 |6 NA_6230_000000000000000_B93 |7 0 |9 4636 |a HOL |b HOL |c LP |d 2023-11-24 |l 0 |o NA6230.B93 |p 2023-0554 |r 2023-11-24 00:00:00 |t 700285 |w 2023-11-24 |y BK | ||
| 999 | |c 2325 |d 2325 | ||